| 000 | 00633nam a2200241Ia 4500 | ||
|---|---|---|---|
| 003 | OSt | ||
| 005 | 20220918212830.0 | ||
| 006 | a|||||r|||| 00| 0 | ||
| 007 | ta | ||
| 008 | 220917b |||||||| |||| 00| 0 eng d | ||
| 024 | _a130,364 | ||
| 037 | _cTextual | ||
| 040 |
_aARTS _cARTS _beng |
||
| 041 |
_2eng _aeng |
||
| 082 | _aX:3M24xM18, K0 | ||
| 100 | _aDutt Clemens ed | ||
| 245 | 0 | _aFundamentals of Marxism Leninism | |
| 260 |
_aMoscow _bForeign Language Pub _c1960 |
||
| 300 |
_a891p. _ccm. |
||
| 650 | _aECONOMICS | ||
| 942 |
_hX:3M24xM18, K0 _cTEXL _2CC |
||
| 999 |
_c253491 _d253491 |
||